| 000 | 01273nam a2200301 a 4500 | ||
|---|---|---|---|
| 001 | ebr10492610 | ||
| 003 | CaPaEBR | ||
| 006 | m u | ||
| 007 | cr cn||||||||| | ||
| 008 | 110922s2009 ts ad sb 001 0 eng d | ||
| 020 | _z9781608050949 | ||
| 040 |
_aCaPaEBR _cCaPaEBR |
||
| 035 | _a(OCoLC)759158468 | ||
| 050 | 1 | 4 |
_aTJ260 _b.A38 2009eb |
| 245 | 0 | 0 |
_aAdvances in multiphase flow and heat transfer. _nVol. 2, 2009 _h[electronic resource] / _cLixin Cheng and Dieter Mewes (editors). |
| 260 |
_a[Saif Zone, Sharjah, United Arab Emirates] : _bBentham Science Publishers Ltd., _c[2009] |
||
| 300 |
_avii, 307 p. : _bill. (some col.). |
||
| 490 | 0 |
_aAdvances in multiphase flow and heat transfer ; _vv. 2 |
|
| 504 | _aIncludes bibliographical references and index. | ||
| 533 |
_aElectronic reproduction. _bPalo Alto, Calif. : _cebrary, _d2013. _nAvailable via World Wide Web. _nAccess may be limited to ebrary affiliated libraries. |
||
| 650 | 0 |
_aHeat _xTransmission. |
|
| 650 | 0 | _aMultiphase flow. | |
| 655 | 7 |
_aElectronic books. _2local |
|
| 700 | 1 | _aCheng, Lixin. | |
| 700 | 1 | _aMewes, Dieter. | |
| 710 | 2 | _aebrary, Inc. | |
| 856 | 4 | 0 |
_uhttp://site.ebrary.com/lib/rucke/Doc?id=10492610 _zAn electronic book accessible through the World Wide Web; click to view |
| 999 |
_c125910 _d125910 |
||